|
|
|
|
| LEADER |
00000nab a2200000 a 4500 |
| 001 |
vtls000873817 |
| 003 |
SK-MaSNL |
| 005 |
20260319075053.0 |
| 008 |
160405c2004 xo 0 hun |
| 015 |
|
|
|a SNBRB2004/05-16336
|
| 035 |
|
|
|a CLN000225369
|
| 040 |
|
|
|a SNKBUCL
|b slo
|c SNKBUCL
|e AACR2
|
| 041 |
0 |
|
|a hun
|
| 044 |
|
|
|a xo
|c SK
|
| 080 |
|
|
|a 791.43(73)
|2 1997
|
| 100 |
1 |
|
|a Juhász, Katalin,
|d 1969-
|4 aut
|9 102317
|
| 245 |
1 |
0 |
|a <<A>> nagy vágóhídi trancsír
|c Juhász Katalin
|
| 300 |
|
|
|b Fotogr.
|
| 630 |
0 |
7 |
|a Umučenie Krista (film)
|x recenzie
|2 snkbucl
|9 856572
|
| 655 |
|
7 |
|a články z novín a časopisov
|2 snkbucl
|9 267496
|
| 773 |
0 |
|
|t Vasárnap
|g Roč. 37, č. 18 (2004), s. 42
|
| 850 |
|
|
|a Slovenská národná knižnica v Martine
|
| 852 |
|
|
|a SNK
|b KIS3GCP
|
| 958 |
|
|
|a US
|
| 958 |
|
|
|a HU
|
| 958 |
|
|
|a RC
|
| 958 |
|
|
|a RBX
|
| 999 |
|
|
|c 1374513
|d 1376443
|